000 00309 a2200157 4500
001 171053
020 _a
040 _cMagnum
100 _aGomes, Alvaro Cardoso
240 1 0 _aDe maos atadas
_lpor
245 1 0 _aDe maos atadas
362 0 _a1899
440 1 _aÁtica
697 _aJUVENIL
942 _cBK
999 _c171053
_d171053